Kursus penilaian harta tanah industri : 17 - 20 Ogos 2009

Bibliographic Details
Corporate Authors: Kursus penilaian harta tanah industri, INSPEN ( Institut Penilaian Negara )
Format: Book
Language:Malay
Published: Bangi : Institut Penilaian Negara , 2009
Subjects:
Online Access:http://app.inspen.gov.my:7779/pls/portal/docs/PAGE/CORPORATEPAGES/PORTAL_INSPEN/NOTA_KURSUS/VO/SKMBT_C45109092610440.PDF

MARC

LEADER 00000cam a2200000 7i4500
001 0000021934
005 20091105.0
008 091023 my a may
040 |a INS 
090 0 0 |a VO140 
110 1 |a Kursus penilaian harta tanah industri ,   |d 2009 17 - 20 Ogos   |c INSPEN, Bangi 
245 0 0 |a Kursus penilaian harta tanah industri :   |b 17 - 20 Ogos 2009   |c Anjuran Pusat Penilaian dan Perkhidmatan Harta, INSPEN 
260 |a Bangi :   |b Institut Penilaian Negara ,   |c 2009 
300 |a 1v. ( Various pagings ) :   |b ill. ;   |c 30 cm. 
500 |a Untuk paparan lengkap sila rujuk kaunter perpustakaan 
650 0 |a Real estate   |x Valuation 
650 0 |a Real property   |x Valuation 
710 1 |a INSPEN ( Institut Penilaian Negara ) 
856 |u http://app.inspen.gov.my:7779/pls/portal/docs/PAGE/CORPORATEPAGES/PORTAL_INSPEN/NOTA_KURSUS/VO/SKMBT_C45109092610440.PDF 
999 |a VO00000284   |b BOOK   |c Course Notes   |e Default branch 
999 |a VO00000285   |b BOOK   |c Course Notes   |e Default branch 
999 |a VO00000286   |b BOOK   |c Course Notes   |e Default branch